01001nam a2200205 i 4500003000900000005001700009007000300026008004100029040003000070041000800100082002300108100003100131245008100162264004300243300004500286336002700331337003400358338002800392505037500420DO-SdBNP20260204080701.0ta260204s1992 dr o 000 0 spa d aDO-SdBNPbspacBNPHUerda aspa a631.585bS161g222 aSalazar M., Gustavoeautor10aGuía práctica de cultivos hidropónicos populares /cGustavo Salazar M. 1aSanto Domingo :bEditora Tele-3,c1992 a100 páginas :bilustraciones ;c23 cm. 2rdacontentatextobtxt 2rdamediaasin mediación bn 2rdacarrieravolumenbnc aGeneralidades 16 -- Condiciones necesarias para el desarrollo de las plantas 24 -- Luz 25 -- Agua 27 -- Aspectos climáticos 30 -- Los sustratos 30 -- El nutriente y el riego de los cultivos 38 -- Recipientes de cultivo 44 -- Semillas, semilleros y trasplante 54 -- Plagas y enfermedades en los hidrocultivos caseros 66 -- Periodo vegetativo, recolección y cosecha 80